<?xml version="1.0" encoding="UTF-8"?><?xml-stylesheet type="text/xsl" href="static/style.xsl"?><OAI-PMH xmlns="http://www.openarchives.org/OAI/2.0/" xmlns:xsi="http://www.w3.org/2001/XMLSchema-instance" xsi:schemaLocation="http://www.openarchives.org/OAI/2.0/ http://www.openarchives.org/OAI/2.0/OAI-PMH.xsd"><responseDate>2026-06-30T05:25:50Z</responseDate><request verb="GetRecord" identifier="oai:riubu.ubu.es:10259/11840" metadataPrefix="marc">https://riubu.ubu.es/oai/request</request><GetRecord><record><header><identifier>oai:riubu.ubu.es:10259/11840</identifier><datestamp>2026-06-12T00:05:39Z</datestamp><setSpec>com_10259_6168</setSpec><setSpec>com_10259_5086</setSpec><setSpec>com_10259_2604</setSpec><setSpec>col_10259_6169</setSpec></header><metadata><record xmlns="http://www.loc.gov/MARC21/slim" xmlns:doc="http://www.lyncode.com/xoai" xmlns:xsi="http://www.w3.org/2001/XMLSchema-instance" xmlns:dcterms="http://purl.org/dc/terms/" xsi:schemaLocation="http://www.loc.gov/MARC21/slim http://www.loc.gov/standards/marcxml/schema/MARC21slim.xsd">
<leader>00925njm 22002777a 4500</leader>
<datafield tag="042" ind1=" " ind2=" ">
<subfield code="a">dc</subfield>
</datafield>
<datafield tag="720" ind1=" " ind2=" ">
<subfield code="a">Khan, Aqib Hassan Ali</subfield>
<subfield code="e">author</subfield>
</datafield>
<datafield tag="720" ind1=" " ind2=" ">
<subfield code="a">Tanveer, S.</subfield>
<subfield code="e">author</subfield>
</datafield>
<datafield tag="720" ind1=" " ind2=" ">
<subfield code="a">Kiyani, A</subfield>
<subfield code="e">author</subfield>
</datafield>
<datafield tag="720" ind1=" " ind2=" ">
<subfield code="a">Barros García, Rocío</subfield>
<subfield code="e">author</subfield>
</datafield>
<datafield tag="720" ind1=" " ind2=" ">
<subfield code="a">Iqbal, M.</subfield>
<subfield code="e">author</subfield>
</datafield>
<datafield tag="720" ind1=" " ind2=" ">
<subfield code="a">Yousaf, S.</subfield>
<subfield code="e">author</subfield>
</datafield>
<datafield tag="720" ind1=" " ind2=" ">
<subfield code="a">Khan, A. H. A.</subfield>
<subfield code="e">author</subfield>
</datafield>
<datafield tag="720" ind1=" " ind2=" ">
<subfield code="a">Kiyani, A.</subfield>
<subfield code="e">author</subfield>
</datafield>
<datafield tag="720" ind1=" " ind2=" ">
<subfield code="a">Barros, R.</subfield>
<subfield code="e">author</subfield>
</datafield>
<datafield tag="260" ind1=" " ind2=" ">
<subfield code="c">2023-06</subfield>
</datafield>
<datafield tag="520" ind1=" " ind2=" ">
<subfield code="a">The biosurfactant production can enhance the hydrocarbon biodegradation, as the hydrophobicity&#xd;
of these compounds reduces the degradation rates. Much of the attention was given to microbial hydrocarbon&#xd;
biodegradation, while limited work is present regarding the capacity of fungal biosurfactants for enhancing&#xd;
the remediation process. This research work identified the potential of biosurfactant production and hydrocarbon degradation of selected fungal strains belonging to Aspergillus, Penicillium, and Candida genera in&#xd;
contrast to a hydrocarbon-degrading and biosurfactant non-producing fungal strain. The highest biodegradation was noted for Aspergillus niger FA5 (90.7%), followed by Penicillium chrysogenum FP4 and Aspergillus&#xd;
terreus FP6 (87.4 and 85.0%, respectively), and lastly, Candida sp. FG2 (80.1%). Biosurfactant-producing&#xd;
hydrocarbon degrading fungal strains A. niger FA5, P. chrysogenum FP4, A. terreus FP6, and Candida sp. FG2&#xd;
degraded hydrocarbons 1.32-, 1.27-, 1.24-, and 1.18-fold higher than non-producing A. flavus FP10 (68.6%).&#xd;
When the data were analyzed for correlation, hydrocarbon degradation was found negatively corelated to surface tension (r = –0.747, p = 0.005), while positively correlated with emulsification index (r = 0.964, p &lt;&#xd;
0.001), and cell hydrophobicity (r = 0.835, p &lt; 0.001). The results indicate that fungi capable of attaching&#xd;
hydrocarbons at high concentration to the cell surface and effectively reducing surface tension were able to&#xd;
exhibit significant improvements in the rate of hydrocarbon degradation. Hence, it is concluded that if a fungus can produce biosurfactant that can improve hydrocarbon emulsification and reduce surface tension, the&#xd;
hydrocarbon breakdown can be accelerated from 12 to 22% compared to non-producers</subfield>
</datafield>
<datafield tag="024" ind2=" " ind1="8">
<subfield code="a">0003-6838</subfield>
</datafield>
<datafield tag="024" ind2=" " ind1="8">
<subfield code="a">https://hdl.handle.net/10259/11840</subfield>
</datafield>
<datafield tag="024" ind2=" " ind1="8">
<subfield code="a">10.1134/S0003683823030109</subfield>
</datafield>
<datafield tag="024" ind2=" " ind1="8">
<subfield code="a">1608-3024</subfield>
</datafield>
<datafield ind1=" " ind2=" " tag="653">
<subfield code="a">Biosurfactant</subfield>
</datafield>
<datafield ind1=" " ind2=" " tag="653">
<subfield code="a">Fungi</subfield>
</datafield>
<datafield ind1=" " ind2=" " tag="653">
<subfield code="a">Aspergillus</subfield>
</datafield>
<datafield ind1=" " ind2=" " tag="653">
<subfield code="a">Penicillium</subfield>
</datafield>
<datafield ind1=" " ind2=" " tag="653">
<subfield code="a">Candida</subfield>
</datafield>
<datafield ind1=" " ind2=" " tag="653">
<subfield code="a">Diesel oil</subfield>
</datafield>
<datafield ind1=" " ind2=" " tag="653">
<subfield code="a">Biodegradation</subfield>
</datafield>
<datafield ind1=" " ind2=" " tag="653">
<subfield code="a">Hydrophobicity</subfield>
</datafield>
<datafield tag="245" ind1="0" ind2="0">
<subfield code="a">Biosurfactant-producing Aspergillus, Penicillium, and Candida Performed Higher Biodegradation of Diesel Oil than a Non-producing Fungal Strain</subfield>
</datafield>
</record></metadata></record></GetRecord></OAI-PMH>